Hotels (Record no. 78702)

MARC details
000 -LEADER
fixed length control field 00944cam a22002055a 4500
001 - CONTROL NUMBER
control field L137743
008 - FIXED-LENGTH DATA ELEMENTS--GENERAL INFORMATION
fixed length control field 070426s2007 xxk f 000 0 eng d
035 ## - SYSTEM CONTROL NUMBER
System control number (Sirsi) u137743
041 0# - LANGUAGE CODE
Language code of text/sound track or separate title eng
100 1# - MAIN ENTRY--PERSONAL NAME
Personal name Larkin, Daniel
245 00 - TITLE STATEMENT
Title Hotels
Remainder of title the fifth food group?
260 ## - PUBLICATION, DISTRIBUTION, ETC.
Date of publication, distribution, etc. 2007
490 #0 - SERIES STATEMENT
Series statement Journal of Retail and Leisure Property
Volume/sequential designation 6(1) January 2007, 223-28(6)
520 ## - SUMMARY, ETC.
Summary, etc. Suggests hotels could be considered a separate asset class along with office, residential, retail and industrial. Claims that hotels have not been considered a separate asset class due to a lack of understanding in the industry along with uncertain levels of return. Discusses operational costs, market instabilities, investor activity and transactions.
590 ## - LOCAL NOTE (RLIN)
Local note KA
651 #4 - SUBJECT ADDED ENTRY--GEOGRAPHIC NAME
Geographic name England and Wales
Chronological subdivision 1543-
690 ## - LOCAL SUBJECT ADDED ENTRY--TOPICAL TERM (OCLC, RLIN)
Topical term or geographic name as entry element PROPERTY-COMMERCIAL PROPERTY-LEISURE PROPERTY-HOLIDAY AND GUEST PROPERTY-HOTEL PROPERTY
700 1# - ADDED ENTRY--PERSONAL NAME
Personal name Lam, Carmelo
942 ## - ADDED ENTRY ELEMENTS (KOHA)
Suppress in OPAC 0
Holdings
Withdrawn status Lost status Source of classification or shelving scheme Damaged status Not for loan Home library Current library Shelving location Date acquired Total Checkouts Full call number Barcode Date last seen Copy number Price effective from Koha item type
    Dewey Decimal Classification     London London Journal article 26/04/2007   L137743 137743-1001 06/08/2019 1 06/08/2019 Journal article